František z Assisi? Asi nie

Podrobná bibliografia
Hlavný autor: Haľko, Jozef, 1964- (Autor)
Médium: Článok
Jazyk:slovenčina
ISSN:1336-6955
Predmet:

MARC

LEADER 00000nab a2200000 ar4500
001 vtls009955167
003 SK-MaSNL
005 20260305000442.0
008 250506c2009 xo qr|p|||||||000 b|slo
015 |a SNBRB2009/09  |2 snkbucl 
035 |a (sysno)vtls009955167 
035 |a urn:nbn:sk:snk-ab7cqh 
035 |a (uuid)00e9b4f4-e91a-4ba0-a96b-4c608ca4f224 
035 |a (urnnbn)urn:nbn:sk:snk:ar-a07jc6 
038 |a SNKBUCL 
040 |a SNKBUCL  |b slo  |c SNKBUCL  |e AACR2 
041 0 |a slo 
044 |a xo  |c SK 
080 |a 27-789.32  |2 2001 
100 1 |a Haľko, Jozef,  |d 1964-  |4 aut  |9 99123 
245 1 0 |a František z Assisi? Asi nie  |c Jozef Haľko 
600 0 7 |a František z Assisi,  |c svätý,  |d 1182-1226  |2 snkbucl  |9 157754 
610 2 7 |a Františkáni  |2 snkbucl  |9 174796 
773 0 |t Impulz  |g Roč. 5, č. 2 (2009), s. 29-31  |x 1336-6955 
850 |a Slovenská národná knižnica 
852 |a Slovenská národná knižnica 
954 |a odborná, vedecká literatúra pôvodná (slovenská)  |2 lita 
958 |a article2022 
958 |a SK 
958 |a NT 
958 |a OND 
958 |a EUIPO 
999 |c 3213813  |d 3215743